[Event "Krefeld op"]
[Site "Krefeld"]
[Date "2023.08.06"]
[Round "9"]
[White "Boehme, Sebastian2222"]
[Black "Siol, Mats Lennart"]
[Result "0-1"]
[WhiteElo "1644"]
[BlackElo "1593"]
[PlyCount "98"]
[EventDate "2023.08.02"]
[EventType "swiss"]
[EventRounds "9"]
[EventCountry "GER"]
[SourceTitle "CBM 215 Extra"]
[Source "ChessBase"]
[SourceDate "2023.09.30"]
[SourceVersion "1"]
[SourceVersionDate "2023.09.30"]
[SourceQuality "1"]

1. d4 Nf6 2. f3 d5 3. e4 dxe4 4. Nc3 exf3 5. Nxf3 Bg4 6. h3 Bxf3 7. Qxf3 Qc8 8. g4 h6 9. Bc4 e6 10. 0-0 Be7 11. g5 hxg5 12. Bxg5 Nbd7 13. Rae1 c6 14. Ne4 Qc7 15. Bf4 Qb6 16. c3 Nxe4 17. Rxe4 0-0-0 18. b4 Nf6 19. a4 a6 20. Re3 Bd6 21. Bg5 Be7 22. Qe2 Qc7 23. b5 cxb5 24. axb5 axb5 25. Bb3 Qa5 26. Rb1 b4 27. Re5 Qb6 28. Qe3 Bd6 29. Bf4 Bxe5 30. Bxe5 Nd5 31. Bxd5 exd5 32. Rxb4 Qe6 33. Rb5 Rd6 34. Qf3 Rxh3 35. Qg2 Rc6 36. Rc5 Rxc5 37. dxc5 Rh6 38. Bg3 Qe3+ 39. Qf2 Qxf2+ 40. Bxf2 Kd7 41. Bd4 Rg6+ 42. Kf2 Rg4 43. Kf3 Rxd4 44. cxd4 Kc6 45. Kf4 f6 46. Kf5 g5 47. Kg4 b6 48. cxb6 Kxb6 49. Kf5 Kb5 0-1

[Event "Krefeld op"]
[Site "Krefeld"]
[Date "2023.08.05"]
[Round "6"]
[White "Muhs, Patrick"]
[Black "Siol, Mats Lennart"]
[Result "0-1"]
[WhiteElo "1234"]
[BlackElo "1593"]
[PlyCount "64"]
[EventDate "2023.08.02"]
[EventType "swiss"]
[EventRounds "9"]
[EventCountry "GER"]
[SourceTitle "CBM 215 Extra"]
[Source "ChessBase"]
[SourceDate "2023.09.30"]
[SourceVersion "1"]
[SourceVersionDate "2023.09.30"]
[SourceQuality "1"]

1. d4 c6 2. Nf3 d5 3. c3 Nf6 4. Bf4 Bf5 5. h3 e6 6. e3 Bd6 7. Bxd6 Qxd6 8. Be2 Nbd7 9. Nbd2 h6 10. c4 g5 11. c5 Qc7 12. Nb3 Ne4 13. g4 Bg6 14. h4 0-0-0 15. h5 Bh7 16. Nfd2 f5 17. Nxe4 fxe4 18. Qd2 Rhf8 19. Bf1 Rf6 20. Rg1 Rdf8 21. Rg2 e5 22. 0-0-0 exd4 23. exd4 Rf4 24. Re1 Nf6 25. Be2 Qd7 26. Qd1 Ne8 27. Rf1 Qf7 28. f3 exf3 29. Rxf3 Rxf3 30. Bxf3 Qxf3 31. Qg1 Qd3 32. Rf2 Qe3+ 0-1

[Event "Krefeld op"]
[Site "Krefeld"]
[Date "2023.08.02"]
[Round "1"]
[White "Siol, Mats Lennart"]
[Black "Schiffer, Stefan"]
[Result "0-1"]
[WhiteElo "1593"]
[BlackElo "2228"]
[PlyCount "84"]
[EventDate "2023.08.02"]
[EventType "swiss"]
[EventRounds "9"]
[EventCountry "GER"]
[SourceTitle "CBM 215 Extra"]
[Source "ChessBase"]
[SourceDate "2023.09.30"]
[SourceVersion "1"]
[SourceVersionDate "2023.09.30"]
[SourceQuality "1"]

1. c4 Nf6 2. Nc3 e6 3. e4 d6 4. g3 Be7 5. Bg2 0-0 6. Nge2 Nbd7 7. 0-0 c5 8. d3 a6 9. h3 Rb8 10. a4 b6 11. f4 Bb7 12. f5 exf5 13. Rxf5 Ne5 14. b3 Bc8 15. Rf1 Bd7 16. Nf4 Bc6 17. Ncd5 Nxd5 18. Nxd5 Bxd5 19. exd5 Bf6 20. Ra2 Nd7 21. Kh2 b5 22. axb5 axb5 23. h4 Be5 24. Bf4 Qc7 25. h5 Bxf4 26. Rxf4 Ne5 27. d4 cxd4 28. Qxd4 bxc4 29. bxc4 Rb4 30. Bf1 Qe7 31. Rb2 Rxb2+ 32. Qxb2 Qa7 33. Kh3 Rb8 34. Qc2 Qa3 35. Qf5 Qa7 36. Qc2 g6 37. hxg6 hxg6 38. Be2 Qg1 39. Qd1 Qe3 40. Kg2 Rb3 41. Bf3 Rb2+ 42. Kh3 Nd3 0-1

[Event "GER-chT U10"]
[Site "Magdeburg"]
[Date "2015.12.29"]
[Round "7.1"]
[White "Siol, Mats Lennart"]
[Black "Braun, Erik"]
[Result "0-1"]
[WhiteElo "1178"]
[BlackElo "991"]
[PlyCount "96"]
[EventDate "2015.12.27"]
[EventType "team-swiss"]
[EventRounds "7"]
[EventCountry "GER"]
[SourceTitle "EXT 2017"]
[Source "ChessBase"]
[SourceDate "2016.10.25"]
[SourceVersion "1"]
[SourceVersionDate "2016.10.25"]
[SourceQuality "1"]
[WhiteTeam "Paderborn Blauer Springer"]
[BlackTeam "Peine"]
[WhiteTeamCountry "GER"]
[BlackTeamCountry "GER"]

1. d4 d5 2. Nf3 Nc6 3. e3 Nf6 4. Bd3 e6 5. Nbd2 Bd6 6. b3 0-0 7. Bb2 Bd7 8. a3 Qe7 9. 0-0 e5 10. dxe5 Nxe5 11. Nxe5 Bxe5 12. Bxe5 Qxe5 13. Nf3 Qd6 14. Ng5 g6 15. f4 Rfe8 16. Qe1 Qc5 17. Rf3 Ng4 18. b4 Qb6 19. Qh4 h5 20. f5 Ne5 21. fxg6 Nxf3+ 22. Nxf3 Qxe3+ 23. Kh1 Bg4 24. gxf7+ Kxf7 25. Ng5+ Kg7 26. Nh7 Qh6 27. Qf2 Re7 28. Qd4+ Kf7 29. Rf1+ Ke8 30. Qh8+ Kd7 31. Nf8+ Qxf8 32. Rxf8 Rxf8 33. Qxf8 Re1+ 34. Bf1 Be2 35. Qf5+ Kd6 36. Qf4+ Kc6 37. Qf6+ Kb5 38. c4+ Ka4 39. Kg1 Rxf1+ 40. Qxf1 Bxf1 41. Kxf1 dxc4 42. Ke2 Kb3 43. Kd2 Kb2 44. h3 c3+ 45. Kd3 c2 46. g4 c1Q 47. gxh5 Qc3+ 48. Ke2 Qxh3 0-1

[Event "GER-chT U10"]
[Site "Magdeburg"]
[Date "2015.12.28"]
[Round "4.1"]
[White "Mimkes, Antal"]
[Black "Siol, Mats Lennart"]
[Result "1-0"]
[WhiteElo "961"]
[BlackElo "1178"]
[PlyCount "57"]
[EventDate "2015.12.27"]
[EventType "team-swiss"]
[EventRounds "7"]
[EventCountry "GER"]
[SourceTitle "EXT 2017"]
[Source "ChessBase"]
[SourceDate "2016.10.25"]
[SourceVersion "1"]
[SourceVersionDate "2016.10.25"]
[SourceQuality "1"]
[WhiteTeam "Goettingen Rochade"]
[BlackTeam "Paderborn Blauer Springer"]
[WhiteTeamCountry "GER"]
[BlackTeamCountry "GER"]

1. e4 Nc6 2. d4 Nf6 3. e5 Nd5 4. Nf3 e6 5. Bc4 d6 6. 0-0 dxe5 7. Nxe5 Bd6 8. Re1 Qh4 9. Nf3 Qg4 10. Bxd5 0-0 11. Bxc6 bxc6 12. Qd3 f5 13. Ne5 Bxe5 14. dxe5 Bb7 15. h3 Qg6 16. Re3 Rad8 17. Qb3 Rd1+ 18. Kh2 f4 19. Rd3 f3 20. g3 Rxd3 21. Qxd3 Qf5 22. Bf4 g5 23. Be3 g4 24. h4 Qxe5 25. Nd2 Bc8 26. Ne4 Qxb2 27. Bd4 Qb7 28. Nf6+ Kg7 29. Qxh7# 1-0

[Event "GER-chT U10"]
[Site "Magdeburg"]
[Date "2014.12.27"]
[Round "1.1"]
[White "Prieb, Robert"]
[Black "Siol, Mats Lennart"]
[Result "1-0"]
[WhiteElo "1396"]
[BlackElo "1067"]
[PlyCount "145"]
[EventDate "2014.12.27"]
[EventType "team-swiss"]
[EventRounds "7"]
[EventCountry "GER"]
[SourceTitle "EXT 2016"]
[Source "ChessBase"]
[SourceDate "2015.10.08"]
[SourceVersion "1"]
[SourceVersionDate "2015.10.08"]
[SourceQuality "1"]
[WhiteTeam "Paderborn"]
[BlackTeam "Paderborn II"]
[WhiteTeamCountry "GER"]
[BlackTeamCountry "GER"]

1. d4 Nf6 2. c4 e6 3. Nc3 Bb4 4. Bd2 b6 5. a3 Bxc3 6. Bxc3 Bb7 7. e3 0-0 8. Nf3 Nc6 9. Bd3 Ne7 10. 0-0 Nf5 11. Re1 Ng4 12. h3 Ngh6 13. e4 Nd6 14. Bd2 Qf6 15. e5 Qe7 16. exd6 Qxd6 17. Bxh6 gxh6 18. Be2 Kh8 19. Qd2 Rg8 20. Qxh6 Rg6 21. Qe3 Rag8 22. Bf1 Qf8 23. g3 Qg7 24. Ne5 Rf6 25. Nxd7 Rf3 26. Qe5 f6 27. Nxf6 Rxf6 28. Bg2 Bxg2 29. Kxg2 Qf7 30. Re2 Rg7 31. Rf1 Rf5 32. Qxe6 Qxe6 33. Rxe6 Rd7 34. d5 a5 35. Rfe1 Rdf7 36. Re8+ Kg7 37. R8e7 Rxf2+ 38. Kg1 Rxb2 39. Rxf7+ Kxf7 40. Rf1+ Kg6 41. Re1 Kf5 42. Re7 Rb1+ 43. Kf2 Rb2+ 44. Kf3 Rb3+ 45. Re3 Rxe3+ 46. Kxe3 Ke5 47. g4 h6 48. a4 Kd6 49. Kd4 Kd7 50. Ke5 Ke7 51. h4 Kf7 52. Kf5 Ke7 53. g5 hxg5 54. hxg5 Kf7 55. g6+ Kg8 56. Kf6 Kf8 57. Ke6 Kg7 58. Kd7 Kxg6 59. Kxc7 Kf5 60. d6 b5 61. cxb5 Kf4 62. d7 Ke4 63. d8Q Ke5 64. b6 Ke4 65. b7 Ke5 66. b8Q Ke4 67. Qb5 Kf4 68. Qd4+ Kf3 69. Qb3+ Ke2 70. Qbe3+ Kf1 71. Qd1+ Kg2 72. Qdd2+ Kh1 73. Qee1# 1-0

[Event "GER-chT U10"]
[Site "Magdeburg"]
[Date "2013.12.28"]
[Round "4.3"]
[White "Siol, Mats Lennart"]
[Black "Pysarenko, Kyrill"]
[Result "0-1"]
[WhiteElo "966"]
[BlackElo "1260"]
[PlyCount "120"]
[EventDate "2013.12.27"]
[EventType "team-swiss"]
[EventRounds "5"]
[EventCountry "GER"]
[SourceTitle "EXT 2015"]
[Source "ChessBase"]
[SourceDate "2014.11.20"]
[SourceVersion "1"]
[SourceVersionDate "2014.11.20"]
[SourceQuality "1"]
[WhiteTeam "Paderborn"]
[BlackTeam "Berlin Empor"]
[WhiteTeamCountry "GER"]
[BlackTeamCountry "GER"]

1. e4 c5 2. d4 cxd4 3. c3 dxc3 4. Nxc3 Nc6 5. Nf3 e6 6. Bc4 g6 7. Bf4 Bg7 8. 0-0 Nge7 9. Qd2 0-0 10. Bh6 Re8 11. Bxg7 Kxg7 12. Ng5 h6 13. Nf3 a6 14. Qf4 d5 15. exd5 exd5 16. Bd3 Bf5 17. Bxf5 Nxf5 18. Rad1 Nce7 19. Qe5+ Kg8 20. Nxd5 Nxd5 21. Rxd5 Qe7 22. Qxe7 Rxe7 23. Rfd1 Rae8 24. Rd8 Kg7 25. Rxe8 Rxe8 26. g4 Ne7 27. Re1 Kf8 28. h4 Rc8 29. g5 h5 30. Ne5 Rc2 31. Rb1 a5 32. a4 Nf5 33. Nf3 Rc4 34. b3 Rg4+ 35. Kf1 Nxh4 36. Nxh4 Rxh4 37. Re1 Rg4 38. Re5 Rb4 39. Rxa5 Rxb3 40. Ra7 Ra3 41. a5 Ke8 42. Ke2 Kd8 43. Rxb7 Rxa5 44. f4 Ke8 45. Kf3 h4 46. Kg4 Rf5 47. Kxh4 Rxf4+ 48. Kg3 Rd4 49. Ra7 Rd7 50. Rxd7 Kxd7 51. Kf4 Ke6 52. Ke4 Kd7 53. Kd5 Ke8 54. Kc6 Ke7 55. Kd5 f6 56. gxf6+ Kxf6 57. Ke4 Kg5 58. Kf3 Kh4 59. Kg2 Kg4 60. Kf1 Kf3 0-1

[Event "GER-chT U10"]
[Site "Magdeburg"]
[Date "2012.12.29"]
[Round "7.3"]
[White "Matthiessen, Linus"]
[Black "Siol, Mats Lennart"]
[Result "0-1"]
[WhiteElo "681"]
[BlackElo "741"]
[PlyCount "55"]
[EventDate "2012.12.27"]
[EventType "team-swiss"]
[EventRounds "7"]
[EventCountry "GER"]
[SourceTitle "EXT 2014"]
[Source "ChessBase"]
[SourceDate "2013.11.20"]
[SourceVersion "1"]
[SourceVersionDate "2013.11.20"]
[SourceQuality "1"]
[WhiteTeam "Paderborn Blauer Springer II"]
[BlackTeam "Lendersdorf"]
[WhiteTeamCountry "GER"]
[BlackTeamCountry "GER"]

1. e4 d5 2. e5 Nc6 3. Nf3 Bf5 4. Nc3 Nf6 5. exf6 exf6 6. Qe2+ Be7 7. g3 Bg4 8. Bg2 Bxf3 9. Bxf3 Nd4 10. Qe3 Nxc2+ 11. Kf1 Nxe3+ 12. dxe3 0-0 13. h4 d4 14. exd4 Qxd4 15. Ne2 Qb6 16. g4 Bc5 17. h5 Qb4 18. h6 g6 19. g5 Bb6 20. b3 Qc5 21. Rh2 fxg5 22. Bb2 Qd6 23. Rh3 Rfd8 24. Nc3 Qd3+ 25. Be2 Qxh3+ 26. Kg1 Rd2 27. Bc1 Rc2 28. Rb1 0-1

[Event "GER-chT U10"]
[Site "Magdeburg"]
[Date "2012.12.28"]
[Round "3.3"]
[White "Siol, Mats Lennart"]
[Black "Klein Uebbing, Niklas"]
[Result "1-0"]
[WhiteElo "741"]
[BlackElo "805"]
[PlyCount "43"]
[EventDate "2012.12.27"]
[EventType "team-swiss"]
[EventRounds "7"]
[EventCountry "GER"]
[SourceTitle "EXT 2014"]
[Source "ChessBase"]
[SourceDate "2013.11.20"]
[SourceVersion "1"]
[SourceVersionDate "2013.11.20"]
[SourceQuality "1"]
[WhiteTeam "Paderborn Blauer Springer II"]
[BlackTeam "Lendersdorf"]
[WhiteTeamCountry "GER"]
[BlackTeamCountry "GER"]

1. e4 e5 2. Nf3 Nc6 3. Bc4 Bc5 4. Nc3 d6 5. d3 Nf6 6. 0-0 Be6 7. Bxe6 fxe6 8. Ng5 Qd7 9. a3 h6 10. Nf3 a6 11. b4 Ba7 12. b5 axb5 13. Nxb5 Nd4 14. Nxa7 Nxf3+ 15. Qxf3 Rxa7 16. Be3 Ra8 17. Qg3 Qf7 18. Rfb1 Rb8 19. a4 Ke7 20. a5 g5 21. Ba7 Nh5 22. Qe3 1-0